000 00336 a2200157 4500
001 154262
040 _cEscola São Tomás de Aquino
100 _aGARBUGLIO, José Carlos
240 1 0 _aGonçalves Dias
_lpor
245 1 0 _aGonçalves Dias
300 _a154
362 0 _a2001
440 1 _aGlobal
697 _aPoesia
942 _cBK
999 _c154262
_d154262